LEADER 01656nam 2200469Ia 450 001 9910711145903321 005 20180711120952.0 024 8 $aGOVPUB-C13-1c1d68d411ef6d170465e6831c59a3ab 035 $a(CKB)5470000002480553 035 $a(OCoLC)959981667 035 $a(OCoLC)995470000002480553 035 $a(EXLCZ)995470000002480553 100 $a20161006d1971 ua 0 101 0 $aeng 181 $ctxt$2rdacontent 182 $cc$2rdamedia 183 $acr$2rdacarrier 200 10$aAdsorption of water on tooth components and related materials $eprogress report /$fWilliam V. Loebenstein 210 1$aGaithersburg, MD :$cU.S. Dept. of Commerce, National Institute of Standards and Technology,$d1971. 215 $a1 online resource 225 1 $aNBS report ;$v10609 300 $a1971. 300 $aContributed record: Metadata reviewed, not verified. Some fields updated by batch processes. 300 $aTitle from PDF title page. 320 $aIncludes bibliographical references. 517 $aAdsorption of water on tooth components and related materials 606 $aDentistry$xResearch 606 $aDentistry$xResearch$2fast 615 0$aDentistry$xResearch. 615 7$aDentistry$xResearch. 700 $aLoebenstein$b William V$01401473 701 $aLoebenstein$b William V$01401473 712 02$aUnited States.$bNational Bureau of Standards. 801 0$bNBS 801 1$bNBS 801 2$bOCLCO 801 2$bOCLCF 801 2$bOCLCQ 906 $aBOOK 912 $a9910711145903321 996 $aAdsorption of water on tooth components and related materials$93510180 997 $aUNINA